[Event "Denizli op"]
[Site "Denizli"]
[Date "2025.07.11"]
[Round "7"]
[White "Rahmanov, Shahriyar Teymur Og"]
[Black "Fromm, Marius"]
[Result "0-1"]
[WhiteElo "2194"]
[BlackElo "2444"]
[PlyCount "86"]
[EventDate "2025.07.07"]
[EventType "swiss"]
[EventRounds "9"]
[EventCountry "TUR"]
[SourceTitle "CB29_2025"]
[SourceDate "2025.07.16"]
[SourceVersion "1"]
[SourceVersionDate "2025.07.16"]
[SourceQuality "1"]

1. d4 Nf6 2. c4 g6 3. Nf3 Bg7 4. g3 b6 5. Bg2 Bb7 6. 0-0 0-0 7. Nc3 Ne4 8. Qc2 Nxc3 9. bxc3 c5 10. d5 d6 11. e4 Nd7 12. Bf4 Qc7 13. Rad1 Rab8 14. Rfe1 Ba6 15. Qa4 Bc8 16. Qb3 h6 17. a4 Nf6 18. h3 a6 19. g4 Nd7 20. Bg3 g5 21. h4 Ne5 22. hxg5 Bxg4 23. Nxe5 Bxd1 24. Qxd1 dxe5 25. gxh6 Bf6 26. Qh5 Kh8 27. Re3 Rg8 28. Rf3 Rg6 29. Bh3 Rf8 30. Kf1 Rg5 31. Qh4 Rfg8 32. Rxf6 exf6 33. Bf5 Rxf5 34. exf5 Rg5 35. h7 Qd7 36. Qh6 Qxf5 37. Kg2 Rg6 38. Qf8+ Kxh7 39. Qxf7+ Rg7 40. Qe8 e4 41. d6 Qf3+ 42. Kh2 e3 43. d7 exf2 0-1

[Event "Ankara Baskent Univ op 8th"]
[Site "Ankara"]
[Date "2025.07.04"]
[Round "6"]
[White "Rahmanov, Shahriyar Teymur Og"]
[Black "Celik, Ege Yigit"]
[Result "0-1"]
[WhiteElo "2194"]
[BlackElo "1981"]
[PlyCount "114"]
[EventDate "2025.07.01"]
[EventType "swiss"]
[EventRounds "9"]
[EventCountry "TUR"]
[SourceTitle "CB28_2025"]
[SourceDate "2025.07.09"]
[SourceVersion "1"]
[SourceVersionDate "2025.07.09"]
[SourceQuality "1"]

1. e4 e6 2. d4 d5 3. Nc3 Bb4 4. e5 c5 5. a3 Bxc3+ 6. bxc3 Ne7 7. Qg4 Qa5 8. Bd2 Nbc6 9. Nf3 Kf8 10. Bd3 c4 11. Be2 Bd7 12. h4 Qb6 13. Bc1 Qa5 14. Bd2 Qa4 15. h5 h6 16. Ra2 b5 17. 0-0 Rb8 18. Nh4 Qa5 19. Rb1 Nf5 20. Nxf5 exf5 21. Qf4 Be6 22. g4 fxg4 23. Bxg4 Ke7 24. Kh2 Nd8 25. Rg1 Rg8 26. Qg3 Bxg4 27. Qh4+ Ke8 28. Rxg4 Ne6 29. Qg3 Rf8 30. Qg2 Qd8 31. a4 bxa4 32. f4 f5 33. exf6 Rxf6 34. Rxa4 a5 35. Ra1 Kf8 36. Re1 Qd7 37. Re5 Rb1 38. Rxd5 Qc7 39. Kh3 a4 40. f5 Ng5+ 41. Bxg5 hxg5 42. Rxg5 a3 43. Rxg7 Rh1+ 44. Qxh1 Kxg7 45. Qg2+ Kf7 46. Rc5 Qd7 47. Qf1 Kg7 48. Qxc4 Qe8 49. Rc7+ Kh6 50. Qd3 Qxh5+ 51. Kg2 Qg4+ 52. Qg3 Qxg3+ 53. Kxg3 Ra6 54. f6 a2 55. f7 Kg7 56. Rc8 Kxf7 57. Rc7+ Ke8 0-1

[Event "Ankara Baskent Univ op 8th"]
[Site "Ankara"]
[Date "2025.07.02"]
[Round "2"]
[White "Rahmanov, Shahriyar Teymur Og"]
[Black "Zakirov, Musa"]
[Result "0-1"]
[WhiteElo "2194"]
[BlackElo "2209"]
[PlyCount "120"]
[EventDate "2025.07.01"]
[EventType "swiss"]
[EventRounds "9"]
[EventCountry "TUR"]
[SourceTitle "CB28_2025"]
[SourceDate "2025.07.09"]
[SourceVersion "1"]
[SourceVersionDate "2025.07.09"]
[SourceQuality "1"]

1. d4 d5 2. Nf3 Nf6 3. Bf4 e6 4. e3 Bd6 5. Bg3 c5 6. c3 Qc7 7. Bxd6 Qxd6 8. Ne5 Qb6 9. Qb3 Nfd7 10. f4 f6 11. Nf3 Nc6 12. Nbd2 0-0 13. e4 cxd4 14. Qxb6 axb6 15. Nxd4 Nc5 16. exd5 exd5 17. g3 Na4 18. Bg2 Rd8 19. 0-0 Nxb2 20. N2b3 Na4 21. Nb5 Ne7 22. Rfe1 Kf8 23. Nc7 Rb8 24. Nd4 Rd7 25. Ndb5 Rd8 26. Nd4 Nc5 27. Rab1 Rd6 28. Re3 Bf5 29. Nxf5 Nxf5 30. Re2 Ne7 31. Rbe1 Rd7 32. Ne6+ Nxe6 33. Rxe6 Rc8 34. Bh3 f5 35. R1e3 Rc6 36. R6e5 g6 37. Bf1 Rdc7 38. Bb5 Rd6 39. a4 Kf7 40. Rd3 Re6 41. Rxe6 Kxe6 42. Re3+ Kd6 43. Kf2 Rc8 44. Ke2 Ng8 45. Kd3 Nf6 46. Re5 Ne4 47. c4 Nc5+ 48. Kd4 Ne6+ 49. Kd3 dxc4+ 50. Bxc4 Nc5+ 51. Kd4 Nxa4 52. Re6+ Kd7 53. Rf6 Rxc4+ 54. Kxc4 Ke7 55. Kb4 Kxf6 56. Kxa4 Ke6 57. Kb5 Kd5 58. Kxb6 Ke4 59. Kxb7 Kf3 60. Kc6 Kg2 0-1

[Event "Ankara Baskent Univ op 8th"]
[Site "Ankara"]
[Date "2025.07.01"]
[Round "1"]
[White "Nigalidze, Gaioz"]
[Black "Rahmanov, Shahriyar Teymur Og"]
[Result "1/2-1/2"]
[WhiteElo "2368"]
[BlackElo "2194"]
[PlyCount "117"]
[EventDate "2025.07.01"]
[EventType "swiss"]
[EventRounds "9"]
[EventCountry "TUR"]
[SourceTitle "CB28_2025"]
[SourceDate "2025.07.09"]
[SourceVersion "1"]
[SourceVersionDate "2025.07.09"]
[SourceQuality "1"]

1. e4 d5 2. exd5 Nf6 3. Nf3 Bg4 4. Nc3 Nxd5 5. Bc4 e6 6. 0-0 Be7 7. Ne4 Nb6 8. Be2 Nc6 9. Ng3 h5 10. h3 h4 11. Ne4 Bf5 12. d3 Qd7 13. c3 a5 14. Bf4 f6 15. Bh2 e5 16. a3 a4 17. Re1 g5 18. Nfd2 0-0-0 19. b4 axb3 20. Qxb3 Be6 21. Nc4 Nxc4 22. dxc4 Na5 23. Qc2 Qc6 24. Bf3 Qxc4 25. Nxg5 Bd5 26. Bxd5 Rxd5 27. Qf5+ Kb8 28. Qe6 Bc5 29. Ne4 Rf8 30. Kh1 Ka7 31. Nxf6 Rd1 32. Qxc4 Rxe1+ 33. Rxe1 Nxc4 34. Nd7 Bxf2 35. Bg1 Rf4 36. Bxf2+ Rxf2 37. Nxe5 Nd6 38. Nf3 Rc2 39. Nxh4 Rxc3 40. Ra1 c5 41. Nf3 Nf5 42. a4 c4 43. h4 Re3 44. Kh2 c3 45. Rc1 Ka6 46. Kh3 Rd3 47. h5 Nd4 48. h6 Nxf3 49. gxf3 Rxf3+ 50. Kg4 Rf6 51. Kg5 Rf3 52. Kg4 Rf6 53. Rh1 Rf8 54. h7 Rh8 55. Kg5 Ka5 56. Kg6 Kxa4 57. Ra1+ Kb3 58. Rb1+ Ka2 59. Rxb7 1/2-1/2

[Event "Troya op 29th"]
[Site "Canakkale"]
[Date "2024.08.24"]
[Round "9"]
[White "Petriashvili, Nikoloz"]
[Black "Rahmanov, Shahriyar Teymur Og"]
[Result "1-0"]
[WhiteElo "2469"]
[BlackElo "2208"]
[PlyCount "59"]
[EventDate "2024.08.18"]
[EventType "swiss"]
[EventRounds "9"]
[EventCountry "TUR"]
[SourceTitle "CBM 221 Extra"]
[Source "ChessBase"]
[SourceDate "2024.09.30"]
[SourceVersion "1"]
[SourceVersionDate "2024.09.30"]
[SourceQuality "1"]

1. e4 c5 2. Nf3 d6 3. d4 cxd4 4. Nxd4 Nf6 5. Nc3 Nc6 6. Bg5 e6 7. Qd3 a6 8. Nxc6 bxc6 9. 0-0-0 h6 10. Bf4 d5 11. Be2 Be7 12. Qg3 Kf8 13. Rhe1 Ra7 14. Be5 Rg8 15. f4 Nd7 16. exd5 cxd5 17. Bd4 Bh4 18. Qf3 Rc7 19. g3 Bf6 20. Bxf6 Qxf6 21. f5 g6 22. fxe6 fxe6 23. Qe3 Kg7 24. Bg4 Nc5 25. Rf1 Qg5 26. Rf4 e5 27. Nxd5 exf4 28. gxf4 Qh4 29. Qe5+ Kf7 30. Qxc7+ 1-0

[Event "Troya op 29th"]
[Site "Canakkale"]
[Date "2024.08.22"]
[Round "7"]
[White "Rahmanov, Shahriyar Teymur Og"]
[Black "Schekachikhin, Maksim"]
[Result "0-1"]
[WhiteElo "2208"]
[BlackElo "2350"]
[PlyCount "83"]
[EventDate "2024.08.18"]
[EventType "swiss"]
[EventRounds "9"]
[EventCountry "TUR"]
[SourceTitle "CBM 221 Extra"]
[Source "ChessBase"]
[SourceDate "2024.09.30"]
[SourceVersion "1"]
[SourceVersionDate "2024.09.30"]
[SourceQuality "1"]

1. d4 e6 2. c4 Nf6 3. Nc3 d5 4. Nf3 dxc4 5. e3 a6 6. a4 b6 7. Bxc4 Bb7 8. 0-0 Bb4 9. Qe2 0-0 10. Bd3 Nc6 11. Rd1 Qe7 12. Bc2 Rad8 13. e4 e5 14. d5 Nb8 15. Bg5 h6 16. Bh4 Nbd7 17. Nd2 Rfe8 18. Nc4 Bd6 19. Ne3 Qf8 20. Qf3 Bc8 21. h3 Kh8 22. Nf5 g5 23. Bg3 Ng8 24. h4 Ndf6 25. hxg5 hxg5 26. Nxd6 Rxd6 27. Rdc1 Qh6 28. Nd1 Nh5 29. Ne3 Nf4 30. Bxf4 gxf4 31. Nf5 Bxf5 32. exf5 Nf6 33. Be4 Kg7 34. Kf1 c6 35. dxc6 Rd4 36. Bc2 Rc8 37. Bd1 Qh1+ 38. Ke2 Rcd8 39. Qc3 Ne4 40. Qxd4 Rxd4 41. f6+ Kxf6 42. Bc2 0-1

[Event "TUR-chT 2nd League"]
[Site "Denizli"]
[Date "2023.07.12"]
[Round "6.51"]
[White "Rahmanov, Shahriyar Teymur Og"]
[Black "Eynullayev, Atilla Elshan"]
[Result "0-1"]
[WhiteElo "2217"]
[BlackElo "2281"]
[PlyCount "62"]
[EventDate "2023.07.09"]
[EventType "team-swiss"]
[EventRounds "9"]
[EventCountry "TUR"]
[SourceTitle "CBM 215 Extra"]
[Source "ChessBase"]
[SourceDate "2023.09.30"]
[SourceVersion "1"]
[SourceVersionDate "2023.09.30"]
[SourceQuality "1"]
[WhiteTeam "Karaman Masterler"]
[BlackTeam "Gaziantep Tantima"]
[WhiteTeamCountry "TUR"]
[BlackTeamCountry "TUR"]

1. d4 Nf6 2. c4 e6 3. Nc3 Bb4 4. e3 0-0 5. Nge2 d5 6. a3 Be7 7. cxd5 exd5 8. g3 Nbd7 9. Bg2 Nb6 10. 0-0 Re8 11. Qd3 a5 12. b3 h6 13. a4 Bb4 14. Na2 Bf8 15. Nac3 Bd7 16. Bd2 Qc8 17. f3 Bf5 18. e4 Bh7 19. Kh1 dxe4 20. fxe4 Qe6 21. d5 Qe7 22. Rf4 g5 23. d6 cxd6 24. Rxf6 Qxf6 25. Rf1 Qe5 26. Be3 Nd7 27. Bd4 Qe6 28. h4 Nc5 29. Qd1 Nxe4 30. hxg5 hxg5 31. Kg1 Rac8 0-1

[Event "TUR-chT 2nd League"]
[Site "Konya"]
[Date "2022.08.26"]
[Round "7.14"]
[White "Durak, Ahmet"]
[Black "Rahmanov, Shahriyar Teymur Og"]
[Result "0-1"]
[WhiteElo "1755"]
[BlackElo "2236"]
[PlyCount "38"]
[EventDate "2022.08.22"]
[EventType "team-swiss"]
[EventRounds "9"]
[EventCountry "TUR"]
[SourceTitle "CBM 210 Extra"]
[Source "ChessBase"]
[SourceDate "2022.11.30"]
[SourceVersion "1"]
[SourceVersionDate "2022.11.30"]
[SourceQuality "1"]
[WhiteTeam "Bitlis Ihtisas Egitim"]
[BlackTeam "Karaman Tabduk Emre"]
[WhiteTeamCountry "TUR"]
[BlackTeamCountry "TUR"]

1. Nf3 Nf6 2. g3 b6 3. Bg2 Bb7 4. 0-0 c5 5. c4 g6 6. Nc3 Bg7 7. d3 0-0 8. e4 d6 9. h3 Nc6 10. Be3 a6 11. Rc1 Rc8 12. b3 e5 13. Qd2 Nd4 14. Bg5 Ne6 15. Be3 Nd7 16. Nd5 Bxd5 17. cxd5 Nd4 18. Ne1 f5 19. f4 exf4 0-1

[Event "Kahramanmaras op 9th"]
[Site "Kahramanmaras"]
[Date "2018.04.08"]
[Round "9"]
[White "Agdelen, Huseyin Can"]
[Black "Rahmanov, Shahriyar Teymur Og"]
[Result "0-1"]
[WhiteElo "2300"]
[BlackElo "2252"]
[PlyCount "58"]
[EventDate "2018.04.03"]
[EventType "swiss"]
[EventRounds "9"]
[EventCountry "TUR"]
[SourceTitle "CBM 183 Extra"]
[Source "ChessBase"]
[SourceDate "2018.04.19"]
[SourceVersion "1"]
[SourceVersionDate "2018.04.19"]
[SourceQuality "1"]

1. e4 c5 2. Nf3 d6 3. d4 cxd4 4. Nxd4 Nf6 5. Nc3 g6 6. Be3 Bg7 7. f3 0-0 8. Qd2 Nc6 9. g4 Bd7 10. h4 Rc8 11. 0-0-0 Ne5 12. h5 Qa5 13. Nb3 Qc7 14. Be2 b5 15. hxg6 fxg6 16. Bh6 Bxh6 17. Rxh6 b4 18. Nd5 Nxd5 19. exd5 Nxf3 20. Bxf3 Rxf3 21. Qh2 Bxg4 22. Rh1 Bh5 23. Qg2 Rg3 24. Qd2 Qc4 25. Re1 Rf8 26. Kb1 Rf1 27. Nc1 Rgg1 28. Rxf1 Qxf1 29. b3 Qxc1+ 0-1

[Event "Kahramanmaras op 9th"]
[Site "Kahramanmaras"]
[Date "2018.04.07"]
[Round "8"]
[White "Rahmanov, Shahriyar Teymur Og"]
[Black "Hasanzade, Toghrul Qasim Oglu"]
[Result "1/2-1/2"]
[WhiteElo "2252"]
[BlackElo "2355"]
[PlyCount "147"]
[EventDate "2018.04.03"]
[EventType "swiss"]
[EventRounds "9"]
[EventCountry "TUR"]
[SourceTitle "CBM 183 Extra"]
[Source "ChessBase"]
[SourceDate "2018.04.19"]
[SourceVersion "1"]
[SourceVersionDate "2018.04.19"]
[SourceQuality "1"]

1. d4 Nf6 2. c4 c6 3. Nc3 d5 4. Nf3 e6 5. e3 Nbd7 6. Bd3 dxc4 7. Bxc4 b5 8. Bd3 Bd6 9. 0-0 0-0 10. a3 Bb7 11. Qc2 Rc8 12. b4 c5 13. bxc5 Bxf3 14. gxf3 Nxc5 15. Ne2 Nh5 16. Ng3 Nxd3 17. Qxd3 Qh4 18. Qe4 Bxg3 19. hxg3 Qxe4 20. fxe4 Nf6 21. f3 Rc2 22. Rf2 Rfc8 23. Bd2 h5 24. a4 bxa4 25. Rxa4 R8c7 26. Ra5 Rb7 27. Kg2 g6 28. d5 Rd7 29. Rb5 exd5 30. e5 Nh7 31. Rb8+ Kg7 32. Bb4 Rxf2+ 33. Kxf2 Ng5 34. Bf8+ Kh7 35. Bc5 Rc7 36. Rb5 a6 37. Ra5 Ne6 38. Bd4 Rc2+ 39. Kf1 Ng5 40. Rxd5 Nxf3 41. Rd7 Nxd4 42. exd4 Kg8 43. Rd8+ Kg7 44. d5 g5 45. Ke1 a5 46. Kf1 a4 47. Ra8 Rd2 48. e6 fxe6 49. dxe6 Kf6 50. Rxa4 Kxe6 51. Ra5 Rd5 52. Ra2 Kf5 53. Kg2 Ke4 54. Re2+ Kf5 55. Ra2 Rd4 56. Ra5+ Kg4 57. Ra2 Re4 58. Rb2 Re5 59. Rb4+ Kf5 60. g4+ hxg4 61. Rb8 Re2+ 62. Kg3 Re3+ 63. Kg2 g3 64. Rb4 Kg6 65. Rc4 Kh5 66. Rb4 Ra3 67. Rc4 g4 68. Rc8 Rf3 69. Rh8+ Kg5 70. Rg8+ Kf4 71. Rf8+ Ke3 72. Re8+ Kf4 73. Rf8+ Kg5 74. Rxf3 1/2-1/2

[Event "Kahramanmaras op 9th"]
[Site "Kahramanmaras"]
[Date "2018.04.05"]
[Round "4"]
[White "Haznedaroglu, Kivanc"]
[Black "Rahmanov, Shahriyar Teymur Og"]
[Result "1-0"]
[WhiteElo "2453"]
[BlackElo "2252"]
[PlyCount "104"]
[EventDate "2018.04.03"]
[EventType "swiss"]
[EventRounds "9"]
[EventCountry "TUR"]
[SourceTitle "CBM 183 Extra"]
[Source "ChessBase"]
[SourceDate "2018.04.19"]
[SourceVersion "1"]
[SourceVersionDate "2018.04.19"]
[SourceQuality "1"]

1. c4 e5 2. Nc3 Bb4 3. Qb3 a5 4. a3 Bc5 5. e3 Nf6 6. g3 d6 7. Bg2 Nc6 8. Nge2 0-0 9. 0-0 Bd7 10. f4 Rb8 11. Nd5 Nxd5 12. cxd5 Ne7 13. Qc3 Bb5 14. Rf2 c6 15. dxc6 Bxe2 16. Rxe2 exf4 17. b4 Bb6 18. Bb2 f6 19. gxf4 bxc6 20. Bh3 Kh8 21. Kh1 axb4 22. axb4 d5 23. Qd3 d4 24. e4 Ng6 25. Rf1 Bc7 26. Ref2 c5 27. Bf5 Ne7 28. Be6 Qd6 29. Bb3 Rxb4 30. Ba3 Rbb8 31. Rg2 f5 32. e5 Qb6 33. Bc4 Qc6 34. Rf3 Nd5 35. Rf1 Ba5 36. Qf3 Rbd8 37. Rfg1 g6 38. h4 Bb4 39. h5 Rg8 40. Bb2 Rg7 41. Rh2 Ne7 42. Qxc6 Nxc6 43. hxg6 Ne7 44. Bf7 c4 45. Bxc4 Nxg6 46. Rf1 Ne7 47. d3 Rg4 48. Rb1 Bc5 49. Bc1 Ra8 50. Rc2 Kg7 51. Rb7 Ra1 52. Kh2 Ra7 1-0

[Event "Kahramanmaras op 9th"]
[Site "Kahramanmaras"]
[Date "2018.04.03"]
[Round "1"]
[White "Rahmanov, Shahriyar Teymur Og"]
[Black "Caputcuoglu, Zeki Berke"]
[Result "1-0"]
[WhiteElo "2252"]
[BlackElo "1726"]
[PlyCount "71"]
[EventDate "2018.04.03"]
[EventType "swiss"]
[EventRounds "9"]
[EventCountry "TUR"]
[SourceTitle "CBM 183 Extra"]
[Source "ChessBase"]
[SourceDate "2018.04.19"]
[SourceVersion "1"]
[SourceVersionDate "2018.04.19"]
[SourceQuality "1"]

1. d4 Nf6 2. c4 g6 3. Nc3 Bg7 4. e4 d6 5. f4 0-0 6. Nf3 c5 7. d5 e6 8. dxe6 Bxe6 9. Bd3 Nc6 10. f5 Bd7 11. 0-0 Ne5 12. Nxe5 dxe5 13. g4 Bc6 14. Nd5 Bxd5 15. exd5 e4 16. Be2 Nd7 17. Be3 Qb6 18. Rb1 Bd4 19. Qc1 Qd6 20. Kg2 Bxe3 21. Qxe3 Rfe8 22. Rf2 Re7 23. Rbf1 f6 24. h4 Rf8 25. fxg6 hxg6 26. Qh6 Rg7 27. Qf4 Qxf4 28. Rxf4 Re7 29. Kf2 e3+ 30. Ke1 Rfe8 31. g5 fxg5 32. hxg5 Rf8 33. Bg4 Rxf4 34. Rxf4 Ne5 35. Ke2 Nf7 36. Be6 1-0

[Event "Cubuk op 3rd"]
[Site "Cubuk"]
[Date "2017.08.23"]
[Round "8"]
[White "Asadli, Vugar Afgan Oglu"]
[Black "Rahmanov, Shahriyar Teymur Og"]
[Result "1/2-1/2"]
[WhiteElo "2457"]
[BlackElo "2327"]
[PlyCount "115"]
[EventDate "2017.08.19"]
[EventType "swiss"]
[EventRounds "9"]
[EventCountry "TUR"]
[SourceTitle "CBM 180 Extra"]
[Source "ChessBase"]
[SourceDate "2017.10.06"]
[SourceVersion "1"]
[SourceVersionDate "2017.10.06"]
[SourceQuality "1"]

1. e4 Nc6 2. Nc3 e5 3. Bc4 Nf6 4. d3 Na5 5. Nge2 d6 6. 0-0 c6 7. a4 Nxc4 8. dxc4 Be7 9. Qd3 0-0 10. b3 Nd7 11. Be3 Nc5 12. Qd2 f5 13. exf5 Bxf5 14. Ng3 Ne6 15. Rad1 Qc7 16. a5 Bg6 17. Nce4 b6 18. axb6 axb6 19. f3 h5 20. h4 Rad8 21. Ng5 Nxg5 22. Bxg5 d5 23. cxd5 cxd5 24. Kh2 Rfe8 25. c3 Kh7 26. Rfe1 Bf6 27. Re2 d4 28. c4 d3 29. Ree1 Rd4 30. Qe3 Qd8 31. Rd2 Qd7 32. Ra1 Qc7 33. Ne4 Bxe4 34. fxe4 Red8 35. Bxf6 gxf6 36. Qf3 Qf7 37. Rad1 Qg6 38. Rxd3 Rxd3 39. Rxd3 Rd4 40. Rxd4 exd4 41. Kg1 Kg7 42. Qf5 Qg3 43. Qf2 Qd3 44. Qf3 Qd2 45. Qxh5 Qe1+ 46. Kh2 Qxe4 47. Kg3 d3 48. Kf2 Qf4+ 49. Qf3 Qd2+ 50. Kf1 Qc1+ 51. Kf2 Qd2+ 52. Kf1 Qc1+ 53. Kf2 d2 54. Qg4+ Kf8 55. Qc8+ Ke7 56. Qc7+ Ke6 57. Qc6+ Ke7 58. Qc7+ 1/2-1/2

[Event "Cubuk op 3rd"]
[Site "Cubuk"]
[Date "2017.08.21"]
[Round "5"]
[White "Rahmanov, Shahriyar Teymur Og"]
[Black "Buker, Muhittin"]
[Result "1-0"]
[WhiteElo "2327"]
[BlackElo "1969"]
[PlyCount "89"]
[EventDate "2017.08.19"]
[EventType "swiss"]
[EventRounds "9"]
[EventCountry "TUR"]
[SourceTitle "CBM 180 Extra"]
[Source "ChessBase"]
[SourceDate "2017.10.06"]
[SourceVersion "1"]
[SourceVersionDate "2017.10.06"]
[SourceQuality "1"]

1. d4 Nf6 2. c4 e6 3. Nc3 d5 4. Nf3 Nbd7 5. Bf4 c6 6. e3 Bb4 7. a3 Bxc3+ 8. bxc3 Ne4 9. Qb3 Qb6 10. Qc2 Qa5 11. Rc1 0-0 12. Bd3 f5 13. Qb2 dxc4 14. Bxc4 Nb6 15. Bd3 Nd5 16. Bxe4 fxe4 17. Ne5 Nxf4 18. exf4 c5 19. 0-0 Qc7 20. g3 b6 21. Qa2 Rf6 22. Rfd1 e3 23. fxe3 Bb7 24. d5 c4 25. Qxc4 Qxc4 26. Nxc4 exd5 27. Ne5 Rc8 28. c4 h6 29. cxd5 Rxc1 30. Rxc1 Bxd5 31. Rc8+ Kh7 32. Rd8 Bb3 33. g4 Re6 34. h4 Re7 35. h5 Bf7 36. Kf2 Be8 37. e4 a5 38. Ke3 Ba4 39. Rb8 Be8 40. Rxb6 Kg8 41. Rb8 Kh7 42. Ra8 a4 43. Rb8 Bf7 44. Nxf7 Rxf7 45. e5 1-0

[Event "Ankara Baskent Univ op 2nd"]
[Site "Ankara"]
[Date "2017.07.02"]
[Round "4"]
[White "Rasulov, Vugar Ural Oglu"]
[Black "Rahmanov, Shahriyar Teymur Og"]
[Result "1/2-1/2"]
[WhiteElo "2508"]
[BlackElo "2353"]
[PlyCount "150"]
[EventDate "2017.06.30"]
[EventType "swiss"]
[EventRounds "9"]
[EventCountry "TUR"]
[SourceTitle "CBM 179 Extra"]
[Source "ChessBase"]
[SourceDate "2017.08.23"]
[SourceVersion "1"]
[SourceVersionDate "2017.08.23"]
[SourceQuality "1"]

1. d4 Nf6 2. Nf3 g6 3. g3 Bg7 4. Bg2 0-0 5. 0-0 d5 6. c4 c6 7. Qb3 dxc4 8. Qxc4 Bf5 9. Re1 Nbd7 10. Nc3 Ne4 11. Qb3 Qb6 12. Qa3 Rfe8 13. Be3 Nd6 14. b3 Nb5 15. Nxb5 Qxb5 16. Rac1 a5 17. Bf4 Be4 18. Bh3 Bf5 19. Bf1 Bg4 20. Ne5 Nxe5 21. dxe5 Be6 22. Red1 h6 23. h4 Qb4 24. Qxb4 axb4 25. Rd4 Rxa2 26. Rxb4 Bc8 27. Rb6 g5 28. hxg5 hxg5 29. Bxg5 Bxe5 30. Rb4 Bd6 31. Rh4 Be6 32. e4 f6 33. Bh6 Rea8 34. Bc4 Bxc4 35. Rxc4 Rb2 36. g4 Rxb3 37. g5 Kf7 38. gxf6 Rb1+ 39. Kg2 exf6 40. Be3 Rg8+ 41. Kf3 Rb4 42. Rc3 Ke6 43. Rh7 Rc8 44. Rd3 Rb5 45. Ke2 Rb2+ 46. Kf3 c5 47. Rd5 b6 48. Rb7 Rb3 49. Ke2 Rb2+ 50. Kf3 Rb3 51. Ke2 Rb4 52. Kf3 Rh8 53. Rd1 Rh4 54. Ra1 Rh3+ 55. Kg2 Rh8 56. Ra6 Rg8+ 57. Kf3 f5 58. exf5+ Kxf5 59. Raxb6 Rxb6 60. Rxb6 Be7 61. Rc6 Rb8 62. Ke2 Ke5 63. Rh6 Kd5 64. f4 Rb2+ 65. Kf3 c4 66. Rh5+ Kc6 67. f5 c3 68. f6 Bf8 69. Rh8 Rb8 70. Ke4 c2 71. Kf5 Bd6 72. Rh4 Rb4 73. Rh8 Rb8 74. Rh6 Rb1 75. Rh8 Kd5 1/2-1/2

[Event "Ankara Baskent Univ op 2nd"]
[Site "Ankara"]
[Date "2017.07.01"]
[Round "3"]
[White "Rahmanov, Shahriyar Teymur Og"]
[Black "Grigoriev, A."]
[Result "1-0"]
[WhiteElo "2353"]
[BlackElo "2105"]
[PlyCount "99"]
[EventDate "2017.06.30"]
[EventType "swiss"]
[EventRounds "9"]
[EventCountry "TUR"]
[SourceTitle "CBM 179 Extra"]
[Source "ChessBase"]
[SourceDate "2017.08.23"]
[SourceVersion "1"]
[SourceVersionDate "2017.08.23"]
[SourceQuality "1"]

1. d4 Nf6 2. c4 e6 3. Nf3 d5 4. Nc3 Bb4 5. e3 0-0 6. Bd3 b6 7. 0-0 Bb7 8. a3 Be7 9. b4 dxc4 10. Bxc4 Nbd7 11. Qb3 Bxf3 12. gxf3 e5 13. Rd1 Bd6 14. Bb2 exd4 15. Rxd4 Ne5 16. Be2 a6 17. Rad1 Ng6 18. Ne4 Nxe4 19. Rxe4 Qc8 20. Rg4 Be5 21. f4 Bxb2 22. Qxb2 f6 23. Qc2 Ne7 24. Bc4+ Kh8 25. Rh4 Nf5 26. Rh3 Nh6 27. Rg3 Nf5 28. Rh3 Nh6 29. Kg2 Rd8 30. Rxd8+ Qxd8 31. Bd3 Qg8 32. Qxc7 Qd5+ 33. e4 Qd4 34. Qc4 Qd8 35. e5 Rc8 36. Qe6 f5 37. Be2 a5 38. Rd3 Qc7 39. Bf3 axb4 40. axb4 Qc1 41. Qd7 Rg8 42. Qd4 Qc7 43. h3 Rf8 44. b5 Ng8 45. Qd6 Qc8 46. Ra3 Rd8 47. Ra8 Qxa8 48. Bxa8 Rxd6 49. exd6 Nf6 50. Bc6 1-0